The complete poems : (Record no. 191263)
[ view plain ]
| 000 -LEADER | |
|---|---|
| fixed length control field | 00703cam a22002531 4500 |
| 001 - CONTROL NUMBER | |
| control field | 3601003 |
| 003 - CONTROL NUMBER IDENTIFIER | |
| control field | BD-DhUL |
| 005 - DATE AND TIME OF LATEST TRANSACTION | |
| control field | 20170423152959.0 |
| 008 - FIXED-LENGTH DATA ELEMENTS--GENERAL INFORMATION | |
| fixed length control field | 700427s1968 gw h 000 0 eng |
| 010 ## - LIBRARY OF CONGRESS CONTROL NUMBER | |
| LC control number | 70381940 |
| 015 ## - NATIONAL BIBLIOGRAPHY NUMBER | |
| National bibliography number | GDB*** |
| 020 ## - INTERNATIONAL STANDARD BOOK NUMBER | |
| International Standard Book Number | 0374518173 |
| 040 ## - CATALOGING SOURCE | |
| Original cataloging agency | DLC |
| Transcribing agency | DLC |
| Modifying agency | DLC |
| -- | BD-DhUL |
| 050 00 - LIBRARY OF CONGRESS CALL NUMBER | |
| Classification number | PR3316 |
| Item number | .B5 1968 |
| 082 00 - DEWEY DECIMAL CLASSIFICATION NUMBER | |
| Classification number | 821.54 |
| Item number | BIC |
| 100 1# - MAIN ENTRY--PERSONAL NAME | |
| Personal name | Beaumont, Joseph |
| Dates associated with a name | 1616-1699. |
| 240 10 - UNIFORM TITLE | |
| Uniform title | Poems |
| 245 14 - TITLE STATEMENT | |
| Title | The complete poems : |
| Remainder of title | 1927-1979 / |
| 260 ## - PUBLICATION, DISTRIBUTION, ETC. (IMPRINT) | |
| Place of publication, distribution, etc. | Hildesheim, |
| Name of publisher, distributor, etc. | Olms, |
| Date of publication, distribution, etc. | 1979. |
| 300 ## - PHYSICAL DESCRIPTION | |
| Extent | 287 p. : |
| Other physical details | facsims. |
| Dimensions | 23 cm. |
| 700 1# - ADDED ENTRY--PERSONAL NAME | |
| Personal name | Grosart, Alexander Balloch, |
| Dates associated with a name | 1827-1899, |
| Relator term | ed. |
| 906 ## - LOCAL DATA ELEMENT F, LDF (RLIN) | |
| a | 7 |
| b | cbc |
| c | orignew |
| d | u |
| e | ncip |
| f | 19 |
| g | y-gencatlg |
| 942 ## - ADDED ENTRY ELEMENTS (KOHA) | |
| Source of classification or shelving scheme | |
| Koha item type | Reference |
| Price effective from | Date last seen | Permanent Location | Not for loan | Date acquired | Source of classification or shelving scheme | Koha item type | Lost status | Withdrawn status | Source of acquisition | Collection code | Damaged status | Shelving location | Barcode | Current Location | Full call number |
|---|---|---|---|---|---|---|---|---|---|---|---|---|---|---|---|
| 2017-04-23 | 2017-04-23 | Dhaka University Library | Not For Loan | 2017-04-23 | Reference | Gift | Reference | American Studies Corner | 380100 | Dhaka University Library | 821.54 BIC |
